| 000 | 00666nam a22002537a 4500 | ||
|---|---|---|---|
| 003 | DO-SdBNP | ||
| 005 | 20171129152145.0 | ||
| 008 | 171117b 1987 |||| 00| 0 spa d | ||
| 020 | _a8432065625 | ||
| 040 |
_aBPMSU _bspa _cBPMSU |
||
| 082 |
_axxxx _bxxxx |
||
| 100 | 1 | _aMoix, Terenci | |
| 245 | 1 | 0 |
_aNo digas que fue un sueño / _cTerenci Moix |
| 260 |
_a[s. l.] : _bPlaneta, _c1987. |
||
| 300 |
_a552 p. ; _c22 cm. |
||
| 490 | 1 | _aCaja de pensiones | |
| 490 | 1 | _aLa caixa | |
| 490 | 1 | _aLa caixa | |
| 830 | 0 | _aCaja de pensiones | |
| 830 | 0 | _aLa Caixa | |
| 942 |
_2ddc _cBK |
||
| 945 | _aInventariado extranjero / 2017 BT | ||
| 956 |
_aBTAVÁREZ _b10 _c20171117 _d0038 |
||
| 999 |
_c12933 _d12933 |
||